Vplyv daňových výnosov na financovanie samospráv bakalárska práca

Gespeichert in:
Bibliographische Detailangaben
1. Verfasser: Brezniansky, Vladimír
Körperschaft: Národohospodárska fakulta EU. Katedra financií
Weitere Verfasser: Šepeľová, Jaroslava, 1993-
Format: Buch
Sprache:Slowakisch
Veröffentlicht: Bratislava 2019
Tags: Tag hinzufügen
Keine Tags, Fügen Sie das erste Tag hinzu!

MARC

LEADER 00000nbm a2200000 4500
001 0256505
005 20191030124207.0
041 0 |a slo 
044 |a SK 
245 1 0 |a Vplyv daňových výnosov na financovanie samospráv  |b bakalárska práca  |c Vladimir Brezniansky ; školiteľ: Jaroslava Šepeľová 
264 1 |a Bratislava  |c 2019 
300 |a 41 s. 
100 1 |a Brezniansky, Vladimír 
700 1 |a Šepeľová, Jaroslava, 1993- 
710 2 |a Národohospodárska fakulta EU. Katedra financií